Arab women and economic development : (Record no. 12039)
[ view plain ]
| 000 -LEADER | |
|---|---|
| fixed length control field | 02361cam a2200337 a 4500 |
| 001 - CONTROL NUMBER | |
| control field | 14386611 |
| 005 - DATE AND TIME OF LATEST TRANSACTION | |
| control field | 20070516100047.0 |
| 008 - FIXED-LENGTH DATA ELEMENTS--GENERAL INFORMATION | |
| fixed length control field | 060523s2005 xx a b 100 0 eng d |
| 010 ## - LIBRARY OF CONGRESS CONTROL NUMBER | |
| LC control number | 2006309797 |
| 020 ## - INTERNATIONAL STANDARD BOOK NUMBER | |
| International Standard Book Number | 9774160339 |
| 035 ## - SYSTEM CONTROL NUMBER | |
| System control number | (CStRLIN)PATGB29746152-B |
| 035 ## - SYSTEM CONTROL NUMBER | |
| System control number | (PPT)b29746152 |
| 040 ## - CATALOGING SOURCE | |
| Original cataloging agency | UUM |
| Transcribing agency | UUM |
| Modifying agency | PPT |
| -- | DLC |
| 042 ## - AUTHENTICATION CODE | |
| Authentication code | lccopycat |
| -- | lcode |
| 043 ## - GEOGRAPHIC AREA CODE | |
| Geographic area code | ma----- |
| 050 00 - LIBRARY OF CONGRESS CALL NUMBER | |
| Classification number | HQ1240.5.A65 |
| Item number | A73 2005 |
| 082 ## - DEWEY DECIMAL CLASSIFICATION NUMBER | |
| Classification number | 338.9 |
| Item number | ARA |
| 245 00 - TITLE STATEMENT | |
| Title | Arab women and economic development : |
| Remainder of title | Papers presented at a seminar held in Kuwait, 20-21 October, 2003 / |
| Statement of responsibility, etc | Edited by Heba Handoussa. |
| 260 ## - PUBLICATION, DISTRIBUTION, ETC. (IMPRINT) | |
| Place of publication, distribution, etc | Egypt : |
| Name of publisher, distributor, etc | The American University in Cairo press, |
| Date of publication, distribution, etc | c2005. |
| 300 ## - PHYSICAL DESCRIPTION | |
| Extent | vi, 196 p. : |
| Other physical details | ill. ; |
| Dimensions | 24 cm. |
| 504 ## - BIBLIOGRAPHY, ETC. NOTE | |
| Bibliography, etc | Includes bibliographical references. |
| 505 0# - FORMATTED CONTENTS NOTE | |
| Formatted contents note | Inaugural speeches / Abdelatif Al-Hamad, Jassim Al-Mannai, Ahmed Benbitour -- the basic issues / Heba Handoussa -- The effects of fiscal policies on the economic development of women in the Middle East and North Africa / Nicole Laframboise and Tea Trumbic -- Women entrepreneurs in the Middle East and North Africa : building on solid beginnings / Nadereh Chamlou and Reem Kattaneh Yared -- The role of Arab non-governmental organizations as a development vehicle / Farida Aboul-Kasem Al-Allaghi -- Gender and globalization : human rights, property relations, and economic oppoortunities / Faiza Benhadid -- Economic reform policies and their effect on the status of women in Arab countries / Maisa Sabh -- The mismatch between educational achievement and the Arab labour market with a gender perspective / The Arab Fund for Economic and Social Development -- Discussion and comments -- Rapporteur's report / Heba Handoussa -- Concluding statement / Mervat Badawi. |
| 650 #0 - SUBJECT ADDED ENTRY--TOPICAL TERM | |
| Topical term or geographic name as entry element | Women in development |
| Geographic subdivision | Arab countries |
| Form subdivision | Congresses. |
| 9 (RLIN) | 6959 |
| 650 #0 - SUBJECT ADDED ENTRY--TOPICAL TERM | |
| Topical term or geographic name as entry element | Women, Arab |
| Form subdivision | Congresses. |
| 9 (RLIN) | 6960 |
| 700 1# - ADDED ENTRY--PERSONAL NAME | |
| Personal name | Handoussa, Heba Ahmad. |
| 9 (RLIN) | 6961 |
| 710 2# - ADDED ENTRY--CORPORATE NAME | |
| Corporate name or jurisdiction name as entry element | Arab Fund for Economic and Social Development. |
| 9 (RLIN) | 6962 |
| 856 41 - ELECTRONIC LOCATION AND ACCESS | |
| Materials specified | Table of contents only |
| Uniform Resource Identifier | <a href="http://www.loc.gov/catdir/toc/fy0710/2006309797.html">http://www.loc.gov/catdir/toc/fy0710/2006309797.html</a> |
| 942 ## - ADDED ENTRY ELEMENTS (KOHA) | |
| Source of classification or shelving scheme | Dewey Decimal Classification |
| Item type | Book - Borrowing |
| Withdrawn status | Item status | Source of classification or shelving scheme | Damaged status | Not for loan | Vendor | Home library | Current library | Shelving location | Date acquired | Source of acquisition | Cost, normal purchase price | Serial Enumeration / chronology | Total Checkouts | Total Renewals | Full call number | Barcode | Date last seen | Date last borrowed | Koha item type |
|---|---|---|---|---|---|---|---|---|---|---|---|---|---|---|---|---|---|---|---|
| Dewey Decimal Classification | AUC | Central Library | Central Library | First floor | 25/06/2009 | 40.00 | 4122 | 5 | 2 | 338.9 ARA | 000016960 | 15/07/2025 | 06/03/2016 | Book - Borrowing |